Top 15 Covid-19 getroffen landen - 2 december - Statistieken

Algemene statistieken
  • Deze quiz is 6 keer genomen
  • De gemiddelde score is 12 van 27
Antwoordstatistieken
land % Correct
België
100%
Duitsland
100%
Frankrijk
100%
Italië
100%
Rusland
100%
Polen
83%
Verenigde Staten
83%
Argentinië
67%
Brazilië
67%
Mexico
67%
Spanje
67%
Verenigd Koninkrijk
67%
India
50%
Colombia
33%
Iran
33%
Peru
33%
Zwitserland
33%
Slovenië
17%
Armenië
0%
Bahrein
0%
Georgië
0%
Israël
0%
Koeweit
0%
Kroatië
0%
Panama
0%
Qatar
0%
Tsjechië
0%
Geen overeenkomende quizzen gevonden
Scoreverdeling
Procent van Mensen met Elke Score
Percentiel versus Aantal Correcte Antwoorden
Uw Scoregeschiedenis
U heeft deze quiz nog niet genomen